000 01617nam a22003614a 4500
001 ebr10188454
003 CaPaEBR
006 m u
007 cr cn|||||||||
008 050802s2006 mduabf sb 001 0deng
010 _z 2005021648
020 _z0801883229 (hardcover : alk. paper)
020 _z9780801883224
040 _aCaPaEBR
_cCaPaEBR
035 _a(OCoLC)213305475
043 _ae-sp---
050 1 4 _aBX4700.J739
_bE35 2006eb
082 0 4 _a261.2/7/0946763
_222
100 1 _aEhlers, Benjamin.
245 1 0 _aBetween Christians and Moriscos
_h[electronic resource] :
_bJuan de Ribera and religious reform in Valencia, 1568-1614 /
_cBenjamin Ehlers.
260 _aBaltimore :
_bJohns Hopkins University Press,
_cc2006.
300 _axiv, 241 p., [8] p. of plates :
_bill., map.
490 1 _aThe Johns Hopkins University studies in historical and political science ;
_v124th ser. (2006), 1
504 _aIncludes bibliographical references (p. [215]-235) and index.
533 _aElectronic reproduction.
_bPalo Alto, Calif. :
_cebrary,
_d2013.
_nAvailable via World Wide Web.
_nAccess may be limited to ebrary affiliated libraries.
600 0 0 _aJuan,
_cde Ribera, Saint,
_d1532-1611.
650 0 _aMoriscos
_zSpain
_zValencia.
651 0 _aValencia (Spain)
_xChurch history.
655 7 _aElectronic books.
_2local
710 2 _aebrary, Inc.
830 0 _aJohns Hopkins University studies in historical and political science ;
_v124th ser., 1.
856 4 0 _uhttp://site.ebrary.com/lib/rucke/Doc?id=10188454
_zAn electronic book accessible through the World Wide Web; click to view
999 _c148595
_d148595